000 00790nam a22002411u 4500
001 05983
003 HDC
007 cr bn ---aaaaa
008 210122p2017 | d 00 engg
040 _aHDC
245 0 _aPharmaniaga - Sustainability Report 2017
260 _a[no place] :
_b[publisher not identified],
_c2017
300 _a 1 online resource (66 pages)
336 _atext
_2rdacontent
337 _acomputer
_2rdamedia
338 _aonline resource
_2rdacarrier
650 _aGovernance Structure
_96298
650 _aPharmaniaga
_96299
856 _zRequest full-text at [email protected]
942 _2lcc
942 _cEIS
942 _kREPT 000238
999 _c3307
_d3307